[Event "St Louis Fall A 2022"]
[Site "Saint Louis USA"]
[Date "2022.11.06"]
[Round "5.2"]
[White "Hakobyan, Aram"]
[Black "Ganguly, Surya Shekhar"]
[Result "1-0"]
[WhiteTitle "GM"]
[BlackTitle "GM"]
[WhiteElo "2613"]
[BlackElo "2589"]
[WhiteFideId "13306677"]
[BlackFideId "5002150"]
[EventDate "2022.11.02"]

1. e4 e5 2. Nf3 Nc6 3. Bb5 a6 4. Ba4 Nf6 5. O-O b5 6. Bb3 Bc5 7. c3 d6 8. d4 Bb6
9. Be3 O-O 10. Nbd2 Bg4 11. dxe5 dxe5 12. Qe2 Na5 13. Bc2 Bxe3 14. Qxe3 Bxf3 15.
Nxf3 Nc4 16. Qe2 Qe7 17. a4 c6 18. b3 Nb6 19. Qe3 Nbd7 20. Rfd1 g6 21. Rd2 Kg7
22. Rad1 bxa4 23. bxa4 Rfb8 24. Qg5 Ra7 25. Nh4 Kf8 26. Rd6 Rb2 27. Qc1 Rab7 28.
Rxc6 Qa3 29. h3 Rb8 30. Qh6+ Ke8 31. Qg5 Rxc2 32. Rxf6 Qe7 33. Rxd7 Kxd7 34. Nf3
Ke8 35. Nxe5 Rb1+ 36. Kh2 Rxf2 37. Ng4 h6 38. Qxh6 Rxf6 39. Qh8+ Kd7 40. Nxf6+
Ke6 41. Ng4 Qc7+ 42. e5 Kd5 43. Qf6 Rb2 44. Ne3+ Kc5 45. Qf4 Qd7 46. a5 Qe6 47.
Qd4+ Kc6 48. c4 Rb3 49. Nd5 Kb7 50. Nb6 Ra3 51. Nd7 Kc8 52. Nc5 Qf5 53. e6 Qb1
54. Qd7+ 1-0

[Event "St Louis Fall A 2022"]
[Site "Saint Louis USA"]
[Date "2022.11.06"]
[Round "5.3"]
[White "Theodorou, Nikolas"]
[Black "Oparin, Grigoriy"]
[Result "0-1"]
[WhiteTitle "GM"]
[BlackTitle "GM"]
[WhiteElo "2598"]
[BlackElo "2683"]
[WhiteFideId "4262875"]
[BlackFideId "24125890"]
[EventDate "2022.11.02"]

1. d4 Nf6 2. c4 e6 3. Nf3 d5 4. g3 dxc4 5. Bg2 c5 6. O-O Nc6 7. dxc5 Qxd1 8.
Rxd1 Bxc5 9. Nbd2 c3 10. bxc3 O-O 11. Nb3 Be7 12. Nfd4 Nxd4 13. cxd4 Nd5 14. Na5
Bb4 15. Nc4 b6 16. Ne3 Rd8 17. Bd2 Ba3 18. Nc4 Be7 19. e4 Nf6 20. d5 exd5 21.
exd5 Nxd5 22. Bg5 Bxg5 23. Bxd5 Bg4 24. f3 Rxd5 25. Rxd5 Bf6 26. Rc1 Bxf3 27.
Rd7 Bg4 28. Rb7 h5 29. Nd6 Bd4+ 30. Kf1 Rd8 31. Ne4 Rd5 32. Nf2 Rf5 33. Rc2 a5
34. Re7 Bf3 35. Re8+ Kh7 36. Ke1 Bd5 37. Ne4 Be5 38. Re2 f6 39. Re7 b5 40. a3 b4
41. axb4 axb4 42. Nd2 b3 43. Kd1 h4 44. gxh4 Kh6 45. Re8 Kh7 46. Re7 Kg6 47. Rd7
Bc6 48. Ra7 b2 49. Kc2 Bd4 50. Ra3 Rc5+ 51. Kd3 Be5 52. Rf2 Bb5+ 53. Ke4 f5+ 54.
Ke3 Rc1 55. Rg2+ Kf6 56. Rb3 f4+ 57. Kf2 Bc6 58. Rg5 Rc2 59. Ke2 f3+ 60. Kd3 Rc1
61. Rxe5 Kxe5 62. Rxb2 Re1 63. Rb6 Bd5 64. Rb8 f2 65. Rf8 Be4+ 66. Kc3 Bf5 67.
Rf7 Rc1+ 68. Kb4 Rd1 69. Nc4+ Kf4 0-1

[Event "St Louis Fall A 2022"]
[Site "Saint Louis USA"]
[Date "2022.11.06"]
[Round "5.4"]
[White "Abasov, Nijat"]
[Black "Niemann, Hans Moke"]
[Result "1/2-1/2"]
[WhiteTitle "GM"]
[BlackTitle "GM"]
[WhiteElo "2646"]
[BlackElo "2699"]
[WhiteFideId "13402960"]
[BlackFideId "2093596"]
[EventDate "2022.11.02"]

1. d4 Nf6 2. c4 e6 3. Nf3 d5 4. g3 Bb4+ 5. Bd2 Be7 6. Bg2 O-O 7. O-O Nbd7 8. Qc2
c6 9. Rc1 a5 10. e3 b5 11. cxb5 cxb5 12. a3 Ne4 13. Be1 a4 14. Nc3 Nd6 15. Bf1
Ba6 16. Bd3 g6 17. h4 Nc4 18. Qe2 Rc8 19. Na2 Nb8 20. e4 dxe4 21. Bxe4 Nd7 22.
Nb4 Qb6 23. Nxa6 Qxa6 24. Rc2 Bf6 25. Rac1 e5 26. dxe5 Ndxe5 27. Nxe5 Bxe5 28.
Bd5 Rfe8 29. Qf3 Qf6 30. Qxf6 Bxf6 31. Bc3 Ne5 32. Ba5 Nc4 33. Bc3 Ne5 34. Ba5
Nc4 35. Bc3 1/2-1/2

[Event "St Louis Fall A 2022"]
[Site "Saint Louis USA"]
[Date "2022.11.06"]
[Round "5.5"]
[White "Nguyen, Thai Dai Van"]
[Black "Vidit, Santosh Gujrathi"]
[Result "1/2-1/2"]
[WhiteTitle "GM"]
[BlackTitle "GM"]
[WhiteElo "2645"]
[BlackElo "2724"]
[WhiteFideId "358878"]
[BlackFideId "5029465"]
[EventDate "2022.11.02"]

1. d4 Nf6 2. c4 e6 3. Nf3 d5 4. Nc3 c5 5. cxd5 cxd4 6. Qxd4 exd5 7. e4 dxe4 8.
Qxd8+ Kxd8 9. Ng5 Be6 10. Nxe6+ fxe6 11. Bg5 Nc6 12. Bc4 Ke7 13. Nxe4 Kf7 14.
Bxf6 gxf6 15. O-O-O Rd8 16. Rxd8 Nxd8 17. Rd1 Be7 18. Rd7 f5 19. Nd6+ Kf6 20.
Nxb7 Nxb7 21. Rxb7 Bc5 22. Rc7 Bxf2 23. Rc6 Re8 24. Kd2 Re7 25. b4 Ke5 26. Ke2
Bg1 27. h3 f4 28. Bb3 Kf5 29. Bc2+ Ke5 30. Bb3 Kf5 31. Bc2+ Ke5 32. Bb3 Kf5 1/2-1/2

[Event "St Louis Fall A 2022"]
[Site "Saint Louis USA"]
[Date "2022.11.07"]
[Round "6.1"]
[White "Nyzhnyk, Illya"]
[Black "Nguyen, Thai Dai Van"]
[Result "1/2-1/2"]
[WhiteTitle "GM"]
[BlackTitle "GM"]
[WhiteElo "2687"]
[BlackElo "2645"]
[WhiteFideId "14118084"]
[BlackFideId "358878"]
[EventDate "2022.11.02"]

1. d4 Nf6 2. c4 e6 3. Nc3 Bb4 4. Nf3 O-O 5. e3 c5 6. a3 Bxc3+ 7. bxc3 d6 8. Bd3
e5 9. dxe5 dxe5 10. Nxe5 Qe7 11. f4 Nbd7 12. Nf3 b6 13. O-O Bb7 14. Re1 Rad8 15.
e4 Nxe4 16. Ng5 f5 17. Nxe4 Bxe4 18. Bxe4 fxe4 19. Qd5+ Qf7 20. a4 Nf6 21. Qxf7+
Rxf7 22. a5 Rd3 23. axb6 axb6 24. Ra3 h6 25. Kf1 Ng4 26. h3 Nf6 27. Re3 Rd1+ 28.
Re1 Rd3 29. Re3 Nh5 30. Rxd3 exd3 31. Kf2 Nxf4 32. Bxf4 Rxf4+ 33. Ke3 d2 34. Ra1
Rxc4 35. Kxd2 b5 36. Ra8+ Kf7 37. Rc8 Ra4 38. Rxc5 Ra2+ 39. Ke1 Rxg2 40. Rxb5
Rg3 41. h4 Rxc3 42. Kf2 Rh3 43. Rb4 g5 1/2-1/2

[Event "St Louis Fall A 2022"]
[Site "Saint Louis USA"]
[Date "2022.11.07"]
[Round "6.2"]
[White "Ganguly, Surya Shekhar"]
[Black "Yu, Yangyi"]
[Result "0-1"]
[WhiteTitle "GM"]
[BlackTitle "GM"]
[WhiteElo "2589"]
[BlackElo "2716"]
[WhiteFideId "5002150"]
[BlackFideId "8603820"]
[EventDate "2022.11.02"]

1. e4 c5 2. c3 d5 3. exd5 Nf6 4. Bb5+ Nbd7 5. Nf3 a6 6. Ba4 b5 7. Bc2 Bb7 8. O-O
Bxd5 9. d4 e6 10. a4 b4 11. a5 Qc7 12. Re1 Rd8 13. Bg5 Be7 14. Nbd2 bxc3 15.
bxc3 O-O 16. Ne5 cxd4 17. cxd4 h6 18. Bh4 Qc3 19. Ndc4 Bxc4 20. Re3 Qxe3 21.
fxe3 Nxe5 22. Rb1 Ng6 23. Bg3 Nd5 24. Qf3 Bg5 25. Re1 Bb5 26. Bb3 Rc8 27. Bxd5
exd5 28. Qxd5 Rfe8 29. e4 Bd2 30. Rd1 Be3+ 31. Kh1 Rcd8 32. Qc5 Rxe4 33. h4 Bxd4
34. Qf5 Rde8 35. h5 Nf8 36. Rc1 Nh7 37. Rc8 Nf6 38. Bd6 Re1+ 39. Kh2 Bg1+ 40.
Kg3 Ne4+ 0-1

[Event "St Louis Fall A 2022"]
[Site "Saint Louis USA"]
[Date "2022.11.07"]
[Round "6.3"]
[White "Theodorou, Nikolas"]
[Black "Hakobyan, Aram"]
[Result "1-0"]
[WhiteTitle "GM"]
[BlackTitle "GM"]
[WhiteElo "2598"]
[BlackElo "2613"]
[WhiteFideId "4262875"]
[BlackFideId "13306677"]
[EventDate "2022.11.02"]

1. d4 Nf6 2. c4 e6 3. Nf3 d5 4. g3 Be7 5. Bg2 O-O 6. Nc3 dxc4 7. Ne5 Nc6 8. Bxc6
bxc6 9. Nxc6 Qe8 10. Nxe7+ Qxe7 11. Qa4 Nd5 12. O-O a5 13. Re1 Qb4 14. a3 Qxa4
15. Nxa4 Rd8 16. Rd1 Bd7 17. Nc5 Bc6 18. Bd2 Nb6 19. Bf4 Ra7 20. Rac1 Na4 21.
Rd2 c3 22. bxc3 Nxc5 23. dxc5 Rxd2 24. Bxd2 Rb7 25. c4 a4 26. Bb4 Kf8 27. f4 Ke7
28. g4 Rb8 29. Kf2 f6 30. h4 e5 31. fxe5 fxe5 32. Kg3 Ke6 33. Rd1 Be4 34. Rd2 h6
35. h5 Ra8 36. Kh4 Rf8 37. Ba5 Rf4 38. Kg3 Rf7 39. Rd8 Re7 40. Bc3 Bb7 41. Rf8
Be4 42. c6 Bxc6 43. Rf5 Rf7 44. Rxe5+ Kd7 45. g5 Rf1 46. g6 Rc1 47. Re3 Rg1+ 48.
Kf2 Rh1 49. Bxg7 Rxh5 50. Bc3 Rh2+ 51. Ke1 Rg2 52. g7 Bb7 53. Be5 Ke6 54. Bg3+
Kf7 55. Re7+ Kg8 56. Be5 Bc6 57. Rxc7 Be8 58. Re7 Bh5 59. Bd4 Bf7 60. c5 Rg6 61.
Rd7 Be8 62. Rd8 Kf7 63. c6 1-0

[Event "St Louis Fall A 2022"]
[Site "Saint Louis USA"]
[Date "2022.11.07"]
[Round "6.4"]
[White "Oparin, Grigoriy"]
[Black "Niemann, Hans Moke"]
[Result "1/2-1/2"]
[WhiteTitle "GM"]
[BlackTitle "GM"]
[WhiteElo "2683"]
[BlackElo "2699"]
[WhiteFideId "24125890"]
[BlackFideId "2093596"]
[EventDate "2022.11.02"]

1. e4 e5 2. Nf3 Nc6 3. Bb5 Nf6 4. d3 Bc5 5. Nbd2 O-O 6. Nb3 Bd6 7. O-O Re8 8.
Bg5 h6 9. Bh4 a6 10. Bxc6 dxc6 11. Re1 c5 12. Nfd2 b5 13. a4 g5 14. Bg3 Bg4 15.
f3 Be6 16. Bf2 Qe7 17. Nf1 c4 18. dxc4 bxc4 19. Nbd2 Bb4 20. c3 Bc5 21. Qe2
Bxf2+ 22. Kxf2 Nh5 23. g3 Qc5+ 24. Kg2 Rab8 25. Rab1 Red8 26. Ne3 Rd3 27. Ndf1
Rbd8 28. Rbd1 Qc6 29. Nd5 Bxd5 30. Rxd3 cxd3 31. Qxd3 Nf6 32. Ne3 Rb8 33. Nxd5
Rxb2+ 34. Re2 Rxe2+ 35. Qxe2 Nxd5 36. exd5 Qxc3 37. Qxa6 Qd2+ 38. Kg1 Qd4+ 39.
Kg2 Kg7 40. Qb5 Qd2+ 41. Kg1 g4 42. fxg4 e4 43. Kf1 Qd1+ 44. Kf2 Qd2+ 45. Kf1
Qd1+ 46. Kf2 Qd2+ 1/2-1/2

[Event "St Louis Fall A 2022"]
[Site "Saint Louis USA"]
[Date "2022.11.07"]
[Round "6.5"]
[White "Vidit, Santosh Gujrathi"]
[Black "Abasov, Nijat"]
[Result "0-1"]
[WhiteTitle "GM"]
[BlackTitle "GM"]
[WhiteElo "2724"]
[BlackElo "2646"]
[WhiteFideId "5029465"]
[BlackFideId "13402960"]
[EventDate "2022.11.02"]

1. d4 Nf6 2. Nf3 d5 3. Bf4 c5 4. e3 Qb6 5. Nbd2 cxd4 6. exd4 Bg4 7. Nb3 e6 8. h3
Bh5 9. g4 Bg6 10. Ne5 Nbd7 11. Nxg6 hxg6 12. Bg2 Bd6 13. Be3 Qc7 14. Qe2 Nb6 15.
c3 Nc4 16. Nd2 Nxe3 17. fxe3 Bg3+ 18. Kd1 O-O-O 19. Kc2 e5 20. g5 Nh5 21. Qg4+
Kb8 22. Rhf1 exd4 23. exd4 Rhe8 24. Rad1 Re7 25. Kb1 a6 26. Nb3 Ka7 27. Nc1 Qd6
28. Nd3 a5 29. Bf3 Rg8 30. h4 f5 31. Qh3 Rh8 32. Rh1 Re3 33. Qg2 Rd8 34. Qf1
Rde8 35. Bxh5 gxh5 36. Qxf5 g6 37. Qf1 Re2 38. Ne5 Qa6 39. c4 R8xe5 40. dxe5
Qxc4 41. Ka1 Bxe5 42. Rb1 d4 43. Qc1 Rc2 44. Qg1 b6 45. Qf1 d3 46. Qf8 Qb5 47.
Qa3 d2 48. Qb3 Qxb3 49. axb3 b5 50. Rhf1 b4 51. Rbd1 Rxb2 52. Rf7+ Kb6 53. Re7
Bc3 54. Re3 Rxb3+ 55. Ka2 Rb2+ 56. Ka1 Kb5 0-1

[Event "St Louis Fall A 2022"]
[Site "Saint Louis USA"]
[Date "2022.11.08"]
[Round "7.1"]
[White "Hakobyan, Aram"]
[Black "Oparin, Grigoriy"]
[Result "1-0"]
[WhiteTitle "GM"]
[BlackTitle "GM"]
[WhiteElo "2613"]
[BlackElo "2683"]
[WhiteFideId "13306677"]
[BlackFideId "24125890"]
[EventDate "2022.11.02"]

1. e4 e5 2. Nf3 Nc6 3. d4 exd4 4. Nxd4 Nf6 5. Nxc6 bxc6 6. e5 Qe7 7. Qe2 Nd5 8.
Nd2 Rb8 9. c4 Nf4 10. Qe3 Ng6 11. f4 Qc5 12. Qe4 Be7 13. Nb3 Qb4+ 14. Bd2 d5 15.
exd6 Qxd6 16. O-O-O O-O 17. f5 Qe5 18. Bd3 Bf6 19. Bc3 Qxe4 20. Bxe4 Bxc3 21.
bxc3 Ne5 22. c5 Ba6 23. Nd4 Bc4 24. Nxc6 Nxc6 25. Bxc6 Bxa2 26. Rhe1 h5 27. Re7
Rb1+ 28. Kc2 Rfb8 29. Rxb1 Bxb1+ 30. Kc1 Bxf5 31. Bd5 c6 32. Bxf7+ Kf8 33. Rxa7
Rb5 34. Bxh5 Rxc5 35. Kd2 Be4 36. Ra8+ Ke7 37. Re8+ Kf6 38. Rxe4 Rxh5 39. h3 Rg5
40. g4 Rd5+ 41. Ke3 g5 42. Rc4 c5 43. Ra4 Re5+ 44. Kd3 Re1 45. Ra5 Rh1 46. Rxc5
Rxh3+ 47. Ke4 Ke6 48. c4 1-0

[Event "St Louis Fall A 2022"]
[Site "Saint Louis USA"]
[Date "2022.11.08"]
[Round "7.2"]
[White "Yu, Yangyi"]
[Black "Theodorou, Nikolas"]
[Result "1-0"]
[WhiteTitle "GM"]
[BlackTitle "GM"]
[WhiteElo "2716"]
[BlackElo "2598"]
[WhiteFideId "8603820"]
[BlackFideId "4262875"]
[EventDate "2022.11.02"]

1. e4 c5 2. Nf3 Nc6 3. d4 cxd4 4. Nxd4 Nf6 5. Nc3 e5 6. Ndb5 d6 7. Nd5 Nxd5 8.
exd5 Nb8 9. a4 Be7 10. Bd2 Nd7 11. a5 O-O 12. c4 f5 13. Be2 a6 14. Nc3 e4 15.
O-O Ne5 16. Ra3 Kh8 17. Rb3 Qe8 18. Bf4 Bd8 19. Qd4 Bf6 20. Qd2 Qe7 21. c5 g5
22. cxd6 Qg7 23. Be3 f4 24. Bc5 Bf5 25. d7 f3 26. Bxf8 Rxf8 27. Rxb7 Qh6 28. Rb6
Nxd7 29. Rxf6 Rxf6 30. gxf3 exf3 31. Bxf3 Qh4 32. Re1 Rh6 33. Re8+ Kg7 34. Qe3
Qxh2+ 35. Kf1 Rg6 36. Be4 Bxe4 37. Nxe4 Qh1+ 38. Ke2 Kh6 39. Qf3 Qb1 1-0

[Event "St Louis Fall A 2022"]
[Site "Saint Louis USA"]
[Date "2022.11.08"]
[Round "7.3"]
[White "Nguyen, Thai Dai Van"]
[Black "Ganguly, Surya Shekhar"]
[Result "1-0"]
[WhiteTitle "GM"]
[BlackTitle "GM"]
[WhiteElo "2645"]
[BlackElo "2589"]
[WhiteFideId "358878"]
[BlackFideId "5002150"]
[EventDate "2022.11.02"]

1. e4 e5 2. Nf3 Nc6 3. Bc4 Nf6 4. d3 d5 5. exd5 Nxd5 6. O-O Be7 7. Re1 f6 8. d4
Nb6 9. Bb3 Nxd4 10. Nxd4 Qxd4 11. Qxd4 exd4 12. Bf4 Bf5 13. Bxc7 Kd7 14. Nd2 Bc5
15. Ne4 Bxe4 16. Bxb6 axb6 17. Rxe4 b5 18. Rae1 Rad8 19. h4 Kc7 20. h5 h6 21.
Rg4 Rd7 22. Kf1 Rhd8 23. Be6 Re7 24. Bf5 Rxe1+ 25. Kxe1 Re8+ 26. Kf1 Re7 27. a3
b4 28. axb4 Bxb4 29. c3 Bc5 30. cxd4 Bb4 31. f3 Kd6 32. d5 Bd2 33. Be6 b5 34.
Ke2 Bc1 35. Rb4 Kc5 36. Rb3 b4 37. Kd3 Bf4 38. Ke4 Be5 39. f4 Kc4 40. fxe5 Kxb3
41. exf6 gxf6 42. Kf5 Kxb2 43. d6 Re8 44. Kxf6 1-0

[Event "St Louis Fall A 2022"]
[Site "Saint Louis USA"]
[Date "2022.11.08"]
[Round "7.4"]
[White "Abasov, Nijat"]
[Black "Nyzhnyk, Illya"]
[Result "1/2-1/2"]
[WhiteTitle "GM"]
[BlackTitle "GM"]
[WhiteElo "2646"]
[BlackElo "2687"]
[WhiteFideId "13402960"]
[BlackFideId "14118084"]
[EventDate "2022.11.02"]

1. e4 c5 2. c3 d5 3. exd5 Qxd5 4. d4 Nf6 5. Nf3 e6 6. Na3 a6 7. Nc4 Nbd7 8. Ne3
Qc6 9. Be2 Be7 10. O-O O-O 11. c4 cxd4 12. Nxd4 Qc7 13. b3 b6 14. Bf3 Bb7 15.
Bb2 Rfd8 16. Bxb7 Qxb7 17. Qe2 Nc5 18. Rfd1 Rd7 19. Nf3 Rad8 20. Ne5 Rxd1+ 21.
Rxd1 Rxd1+ 22. Qxd1 Ncd7 23. h3 Nxe5 24. Bxe5 Qc6 25. Qd4 Ne8 26. Qd3 Nf6 27.
Qd4 Ne8 28. Qd3 Nf6 29. Qd4 1/2-1/2

[Event "St Louis Fall A 2022"]
[Site "Saint Louis USA"]
[Date "2022.11.08"]
[Round "7.5"]
[White "Niemann, Hans Moke"]
[Black "Vidit, Santosh Gujrathi"]
[Result "1/2-1/2"]
[WhiteTitle "GM"]
[BlackTitle "GM"]
[WhiteElo "2699"]
[BlackElo "2724"]
[WhiteFideId "2093596"]
[BlackFideId "5029465"]
[EventDate "2022.11.02"]

1. d4 Nf6 2. c4 e6 3. Nc3 Bb4 4. e3 O-O 5. Bd3 c5 6. Nf3 d5 7. cxd5 exd5 8. dxc5
Nbd7 9. Bd2 Nxc5 10. Be2 Ne6 11. Qb3 Be7 12. O-O a6 13. a4 Nc5 14. Qa2 Be6 15.
Nd4 Bd6 16. Rfd1 Qe7 17. Be1 Rfd8 18. f3 Bd7 19. Bf2 Qe5 20. g3 Qh5 21. b4 Ne6
22. f4 Ng4 23. h4 Bxb4 24. Nxd5 Nxd4 25. Rxd4 Bc5 26. Rd2 Be6 27. Rad1 Re8 28.
Qb1 Qh6 29. Bxg4 Bxg4 30. Rc1 Bf8 31. e4 Bf3 32. Re1 Qe6 33. f5 Qe5 34. Nb6 Bc5
35. Kh2 Bxb6 36. Bxb6 Bxe4 37. Rde2 Bxb1 38. Rxe5 Rxe5 39. Rxe5 f6 40. Rd5 Be4
41. Rd8+ Rxd8 42. Bxd8 b5 43. axb5 axb5 44. g4 b4 45. Ba5 b3 46. Bc3 h5 47. Kg3
Bc2 48. Bb2 hxg4 49. Kxg4 Bd1+ 50. Kg3 Kh7 51. Bc1 Be2 52. Kh3 Bf3 53. Kg3 Bd1
54. Kh3 Kg8 55. Kg3 Kf7 56. Kf4 Ke7 57. Ba3+ Kd7 58. Ke4 Bc2+ 59. Kf4 Kc6 60. h5
Bd1 61. h6 gxh6 62. Bb2 Kd5 63. Bxf6 Kc4 64. Ke3 Bg4 65. Ke4 Bh5 66. Bb2 Be8 67.
Ba1 h5 68. Bb2 Bf7 69. Ba1 Bd5+ 70. Ke3 Bc6 71. Bb2 Bd7 72. Ke4 Kc5 73. Ba3+ Kc6
74. Bb2 Be8 75. Bc3 Bf7 76. Bb2 Kd7 77. Bc3 Bg8 78. Bb2 Kc6 79. Bc3 Kc5 80. Bb2
Kc4 81. Ba1 Bd5+ 82. Ke3 Bc6 83. Bb2 Bg2 84. Ba1 Bc6 85. Bb2 Bd7 86. Ke4 Kb4 87.
Kf4 Kc5 88. Ke4 Kd6 89. Ba3+ Kc7 90. Bb2 Kd8 91. Ba1 h4 92. f6 Ke8 93. Kf3 Kf7
94. Kg2 Kg6 95. Kh2 Be6 96. Bb2 Kg5 97. Ba1 Kf4 98. Bb2 Ke4 99. f7 Bxf7 100. Kh3
Kd3 101. Kxh4 Kc2 102. Bf6 b2 103. Bxb2 Kxb2 1/2-1/2

[Event "St Louis Fall A 2022"]
[Site "Saint Louis USA"]
[Date "2022.11.09"]
[Round "8.1"]
[White "Hakobyan, Aram"]
[Black "Yu, Yangyi"]
[Result "1/2-1/2"]
[WhiteTitle "GM"]
[BlackTitle "GM"]
[WhiteElo "2613"]
[BlackElo "2716"]
[WhiteFideId "13306677"]
[BlackFideId "8603820"]
[EventDate "2022.11.02"]

1. d4 Nf6 2. c4 e6 3. Nf3 d5 4. Nc3 Nbd7 5. cxd5 exd5 6. Bg5 Bb4 7. e3 h6 8.
Bxf6 Qxf6 9. Qb3 Qd6 10. a3 Ba5 11. Qb5 Bxc3+ 12. bxc3 O-O 13. Bd3 c5 14. a4 c4
15. Bc2 Nf6 16. O-O Bd7 17. Qb2 Rfb8 18. Ne5 b5 19. Nxd7 Qxd7 20. Rfb1 a6 21.
axb5 axb5 22. Rxa8 Rxa8 23. Qxb5 Qxb5 24. Rxb5 g6 25. Kf1 Ra2 26. Bb1 Ra3 27.
Ke2 Rxc3 28. Kd2 Ra3 29. f3 h5 30. e4 dxe4 31. fxe4 Ng4 32. e5 Nxh2 33. d5 Rb3
34. Rxb3 cxb3 35. Kc3 Ng4 36. e6 fxe6 37. Bxg6 exd5 38. Bxh5 Ne3 39. Kxb3 Nxg2
40. Bf3 Nf4 41. Bxd5+ Nxd5 1/2-1/2

[Event "St Louis Fall A 2022"]
[Site "Saint Louis USA"]
[Date "2022.11.09"]
[Round "8.2"]
[White "Oparin, Grigoriy"]
[Black "Vidit, Santosh Gujrathi"]
[Result "0-1"]
[WhiteTitle "GM"]
[BlackTitle "GM"]
[WhiteElo "2683"]
[BlackElo "2724"]
[WhiteFideId "24125890"]
[BlackFideId "5029465"]
[EventDate "2022.11.02"]

1. d4 Nf6 2. c4 e6 3. Nc3 Bb4 4. Qc2 O-O 5. e4 d5 6. e5 Ne4 7. Bd3 c5 8. Nf3
cxd4 9. Nxd4 Nd7 10. Bf4 Qh4 11. g3 Qh5 12. O-O g5 13. cxd5 Bxc3 14. bxc3 exd5
15. Be3 Nxe5 16. f3 Nc5 17. Bf5 Ne6 18. g4 Qh4 19. Rad1 Nc4 20. Bc1 Bd7 21. Ne2
Bc6 22. Ng3 Nf4 23. Rd4 Rfe8 24. Bd3 Ne6 25. Nf5 Qh3 26. Qf2 Ne5 27. Be2 f6 28.
Kh1 h5 29. f4 Nxg4 30. Bxg4 hxg4 31. fxg5 fxg5 32. Kg1 Rf8 33. Ne7+ Kg7 34. Nf5+
Kg8 35. Ne7+ Kh8 36. Ng6+ Kg7 37. Nxf8 Rxf8 38. Qe2 Rxf1+ 39. Qxf1 Nxd4 40. cxd4
Qc3 41. Bxg5 Qxd4+ 42. Kg2 Kg6 43. Bf4 Qe4+ 44. Kg3 Bb5 45. Qd1 Be2 46. Qb3 Kf5
47. Bb8 Bd3 0-1

[Event "St Louis Fall A 2022"]
[Site "Saint Louis USA"]
[Date "2022.11.09"]
[Round "8.3"]
[White "Nyzhnyk, Illya"]
[Black "Niemann, Hans Moke"]
[Result "0-1"]
[WhiteTitle "GM"]
[BlackTitle "GM"]
[WhiteElo "2687"]
[BlackElo "2699"]
[WhiteFideId "14118084"]
[BlackFideId "2093596"]
[EventDate "2022.11.02"]

1. e4 c5 2. Nf3 Nc6 3. d4 cxd4 4. Nxd4 Nf6 5. Nc3 e5 6. Ndb5 d6 7. Bg5 a6 8. Na3
b5 9. Nd5 Be7 10. Bxf6 Bxf6 11. c3 O-O 12. Nc2 Rb8 13. a4 bxa4 14. Ncb4 Nxb4 15.
Nxb4 Bb7 16. Nxa6 Ra8 17. Qxa4 d5 18. Qb5 Qe7 19. Be2 Ra7 20. Ra3 dxe4 21. O-O
e3 22. f3 e4 23. fxe4 Qxe4 24. Bf3 Qe7 25. Qe2 Bxf3 26. Rxf3 Re8 27. Ra1 Qd6 28.
Rf5 Qd2 29. Kf1 Rxa6 0-1

[Event "St Louis Fall A 2022"]
[Site "Saint Louis USA"]
[Date "2022.11.09"]
[Round "8.4"]
[White "Ganguly, Surya Shekhar"]
[Black "Abasov, Nijat"]
[Result "1/2-1/2"]
[WhiteTitle "GM"]
[BlackTitle "GM"]
[WhiteElo "2589"]
[BlackElo "2646"]
[WhiteFideId "5002150"]
[BlackFideId "13402960"]
[EventDate "2022.11.02"]

1. e4 c5 2. Nf3 e6 3. Nc3 Nc6 4. d4 cxd4 5. Nxd4 Nf6 6. Nxc6 bxc6 7. e5 Nd5 8.
Ne4 Qc7 9. f4 Qb6 10. a3 a5 11. c4 Ne3 12. Qd3 Nxf1 13. Rxf1 Ba6 14. Bd2 Qxb2
15. Ke2 c5 16. Rfb1 Qd4 17. Qxd4 cxd4 18. Kd3 f5 19. Nd6+ Bxd6 20. exd6 Rc8 21.
Rb5 a4 22. Ba5 Bxb5 23. cxb5 Rc5 24. Rb1 Kf7 25. Bc7 Rc3+ 26. Kxd4 Rxa3 27. b6
Ra2 28. b7 a3 29. b8=Q Rxb8 30. Rxb8 Rxg2 31. Ba5 a2 32. Bc3 Rd2+ 33. Ke3 Rxd6
34. Ra8 Rc6 35. Kd3 Rd6+ 36. Ke3 Rc6 37. Kd3 Rd6+ 38. Kc4 Rc6+ 39. Kb3 Rb6+ 40.
Kxa2 h6 41. h4 g5 42. fxg5 hxg5 43. hxg5 f4 44. Ra4 Kg6 45. Rxf4 1/2-1/2

[Event "St Louis Fall A 2022"]
[Site "Saint Louis USA"]
[Date "2022.11.09"]
[Round "8.5"]
[White "Theodorou, Nikolas"]
[Black "Nguyen, Thai Dai Van"]
[Result "1/2-1/2"]
[WhiteTitle "GM"]
[BlackTitle "GM"]
[WhiteElo "2598"]
[BlackElo "2645"]
[WhiteFideId "4262875"]
[BlackFideId "358878"]
[EventDate "2022.11.02"]

1. d4 Nf6 2. c4 e6 3. Nf3 d5 4. g3 dxc4 5. Bg2 c5 6. O-O Nc6 7. dxc5 Qxd1 8.
Rxd1 Bxc5 9. Nbd2 c3 10. bxc3 O-O 11. Nb3 Be7 12. Nfd4 Bd7 13. Nb5 Ne5 14. Ba3
Bxa3 15. Nxa3 Rac8 16. f4 Ng6 17. Bxb7 Rc7 18. Ba6 Rxc3 19. Rac1 Rxc1 20. Rxc1
e5 21. fxe5 Nxe5 22. Rc7 h5 23. Rxa7 Rd8 24. Bb7 Bc6 25. Bxc6 Nxc6 26. Ra4 Rd1+
27. Kg2 Re1 28. Kf2 Rh1 29. Kg2 Re1 30. Kf2 Rh1 31. h3 Rh2+ 32. Kf1 Ne7 33. Nd4
h4 34. Nf3 Rh1+ 35. Kg2 Ra1 36. Nc4 hxg3 37. Ra8+ Kh7 38. Nce5 Ne4 39. Nxf7 Nd5
40. N7g5+ Nxg5 41. Nxg5+ Kg6 42. Nf3 Nc3 43. Kxg3 Rxa2 44. Rxa2 Nxa2 45. e4 Nc3
46. Kf4 Kf6 47. h4 Kg6 48. e5 Nd5+ 49. Ke4 Nc7 50. Ke3 Kf5 51. Kd4 Kf4 52. Ng5
Nb5+ 53. Kd5 Nc7+ 54. Kd6 Nb5+ 55. Ke6 Nc7+ 56. Kf7 Kxe5 57. Kxg7 Kf5 58. Kf7
Nd5 59. Nh7 Kg4 60. Nf6+ Kxh4 1/2-1/2

[Event "St Louis Fall A 2022"]
[Site "Saint Louis USA"]
[Date "2022.11.10"]
[Round "9.1"]
[White "Yu, Yangyi"]
[Black "Oparin, Grigoriy"]
[Result "1-0"]
[WhiteTitle "GM"]
[BlackTitle "GM"]
[WhiteElo "2716"]
[BlackElo "2683"]
[WhiteFideId "8603820"]
[BlackFideId "24125890"]
[EventDate "2022.11.02"]

1. e4 e5 2. Nf3 Nc6 3. Bb5 Nf6 4. d3 d6 5. O-O Be7 6. Re1 O-O 7. c3 a6 8. Ba4
Re8 9. h3 Bf8 10. Bg5 h6 11. Bh4 b5 12. Bb3 Na5 13. Bc2 c5 14. a4 b4 15. cxb4
cxb4 16. Nbd2 Be7 17. Bg3 Nd7 18. d4 Bf6 19. Nb3 Bb7 20. Nxa5 Qxa5 21. Nd2 Rac8
22. Bb3 d5 23. Qg4 Rcd8 24. exd5 Bxd5 25. Nc4 Bxc4 26. Bxc4 Re7 27. Qf5 b3 28.
Re4 Rde8 29. Rae1 Kh8 30. Bxb3 g6 31. Qf3 Bg7 32. R4e2 f5 33. Qc6 Qb4 34. Qc3
Qxc3 35. bxc3 Bf6 36. Bc4 f4 37. Bh2 g5 38. Bxa6 exd4 39. Rxe7 Rxe7 40. Rxe7
Bxe7 41. cxd4 1-0